<?xml version="1.0" encoding="UTF-8"?>
<collection xmlns="http://www.loc.gov/MARC21/slim">
    <record>
        <controlfield tag="001">97699</controlfield>
        <controlfield tag="005">20210118122853.0</controlfield>
        <datafield tag="037" ind1=" " ind2=" ">
            <subfield code="a">TAZ-TFG-2020-5066</subfield>
        </datafield>
        <datafield tag="041" ind1=" " ind2=" ">
            <subfield code="a">spa</subfield>
        </datafield>
        <datafield tag="100" ind1="1" ind2=" ">
            <subfield code="a">Serra Solé, Clàudia</subfield>
        </datafield>
        <datafield tag="242" ind1="0" ind2="0">
            <subfield code="a">Addison's disease: an undiagnosed disease. Bibliographical review and clinical cases</subfield>
        </datafield>
        <datafield tag="245" ind1="0" ind2="0">
            <subfield code="a">Enfermedad de Addison: una enfermedad infradiagnosticada. Revisión bibliográfica y casos clínicos</subfield>
        </datafield>
        <datafield tag="260" ind1=" " ind2=" ">
            <subfield code="a">Zaragoza</subfield>
            <subfield code="b">Universidad de Zaragoza</subfield>
            <subfield code="c">2020</subfield>
        </datafield>
        <datafield tag="506" ind1=" " ind2=" ">
            <subfield code="a">by-nc-sa</subfield>
            <subfield code="b">Creative Commons</subfield>
            <subfield code="c">3.0</subfield>
            <subfield code="u">http://creativecommons.org/licenses/by-nc-sa/3.0/</subfield>
        </datafield>
        <datafield tag="520" ind1=" " ind2=" ">
            <subfield code="a">El hipoadrenocorticismo canino (HA) o enfermedad de Addison es una enfermedad endocrina causada por un déficit en la secreción de glucocorticoides, mineralocorticoides o ambos. &lt;br />La forma de presentación más común es la primaria, debido normalmente a una destrucción inmunomediada del tejido cortical suprarrenal. En cambio, el Addison secundario se caracteriza por presentar un déficit único de glucocorticoides, debido a una disminución en la estimulación de las glándulas adrenales por parte de la hormona adrenocorticotropa hipofisaria (ACTH). &lt;br />EL HA canino suele presentarse en animales jóvenes, afectando más a hembras y teniendo una mayor incidencia en determinadas razas. &lt;br />A pesar de tener un diagnóstico relativamente sencillo, esta enfermedad, puede no diagnosticarse durante gran parte de vida del animal. Esto es debido a sus múltiples formas de presentación y a su inespecificidad clínica, motivo por el cual, algunos autores la definen como 'la gran imitadora'. &lt;br />Cuando se confirma la enfermedad de Addison, en la mayoría de los casos el pronóstico es bueno, siempre y cuando se sigan unas buenas pautas de manejo y control de la enfermedad.&lt;br />El objetivo de este trabajo es la realización de una revisión bibliográfica del hipoadrenocorticismo canino, estableciendo unas buenas bases teóricas con el fin de poder llegar a establecer un diagnóstico precoz de la enfermedad. &lt;br />Durante el trabajo, se abarcarán aspectos teóricos de la enfermedad, finalizando por una descripción detallada de 7 casos clínicos diagnosticados y tratados en el Hospital Veterinari de Lleida durante los dos últimos años, prestando especial interés en el diagnóstico.&lt;br />&lt;br /></subfield>
        </datafield>
        <datafield tag="521" ind1=" " ind2=" ">
            <subfield code="a">Graduado en Veterinaria</subfield>
        </datafield>
        <datafield tag="540" ind1=" " ind2=" ">
            <subfield code="a">Derechos regulados por licencia Creative Commons</subfield>
        </datafield>
        <datafield tag="700" ind1=" " ind2=" ">
            <subfield code="a">Heredia Deogracias, Tamara</subfield>
            <subfield code="e">dir.</subfield>
        </datafield>
        <datafield tag="700" ind1=" " ind2=" ">
            <subfield code="a">Acín Tresaco, Cristina</subfield>
            <subfield code="e">dir.</subfield>
        </datafield>
        <datafield tag="710" ind1="2" ind2=" ">
            <subfield code="a">Universidad de Zaragoza</subfield>
            <subfield code="b">Patología Animal</subfield>
            <subfield code="c">Sanidad Animal</subfield>
        </datafield>
        <datafield tag="856" ind1="0" ind2=" ">
            <subfield code="f">690750@unizar.es</subfield>
        </datafield>
        <datafield tag="856" ind1="4" ind2=" ">
            <subfield code="s">1272003</subfield>
            <subfield code="u">http://zaguan.unizar.es/record/97699/files/TAZ-TFG-2020-5066.pdf</subfield>
            <subfield code="y">Memoria (spa)</subfield>
        </datafield>
        <datafield tag="909" ind1="C" ind2="O">
            <subfield code="o">oai:zaguan.unizar.es:97699</subfield>
            <subfield code="p">driver</subfield>
            <subfield code="p">trabajos-fin-grado</subfield>
        </datafield>
        <datafield tag="950" ind1=" " ind2=" ">
            <subfield code="a"></subfield>
        </datafield>
        <datafield tag="951" ind1=" " ind2=" ">
            <subfield code="a">deposita:2021-01-18</subfield>
        </datafield>
        <datafield tag="980" ind1=" " ind2=" ">
            <subfield code="a">TAZ</subfield>
            <subfield code="b">TFG</subfield>
            <subfield code="c">VET</subfield>
        </datafield>
        <datafield tag="999" ind1=" " ind2=" ">
            <subfield code="a">20201125140117.CREATION_DATE</subfield>
        </datafield>
    </record>

    
</collection>